2005 PhD research in microelectronics and electronics

Đã lưu trong:
Bibliografiske detaljer
Format: Bog
Sprog:Undetermined
Udgivet: IEEE 2005
Fag:
Tags: Tilføj Tag
Ingen Tags, Vær først til at tagge denne postø!
Thư viện lưu trữ: Trung tâm Học liệu Trường Đại học Cần Thơ
LEADER 00421nam a2200157Ia 4500
001 CTU_103189
008 210402s9999 xx 000 0 und d
020 |c 187.25 
082 |a 621.381 
082 |b T974 
245 0 |a 2005 PhD research in microelectronics and electronics 
260 |b IEEE 
260 |c 2005 
650 |a Microelectronics 
904 |i M.Loan 
980 |a Trung tâm Học liệu Trường Đại học Cần Thơ